| 000 | 00928nam a22002777a 4500 | ||
|---|---|---|---|
| 003 | AR-RoUNA | ||
| 005 | 20260622110412.0 | ||
| 008 | 260622b |||||||| |||| 00| 0 spa d | ||
| 040 |
_aAR-RoUNA _bspa _dAR-RoUNA |
||
| 041 |
_afre _hfre |
||
| 044 | _aag | ||
| 110 |
_bMusée de la Civilisation Gallo-Romaine _927787 |
||
| 245 | 1 | 0 |
_aAthènes : _bla cité des images. Religion et société en Grèce ancienne / _cdirección F.Leyge y F. Lissarrague. Musée de la Civilisation Gallo-Romaine |
| 260 |
_aLyon : _bMusée de la Civilisation Gallo-Romaine, _c1987 |
||
| 300 |
_a48 p.: _bil. byn. _c21x22 cm |
||
| 650 | 4 | _aArte griego | |
| 650 | 4 | _aSociedad | |
| 650 | 4 | _aReligión griega | |
| 650 | 4 |
_aEsculturas _xPinturas |
|
| 653 | _aGrecia antigua | ||
| 908 | _aImp | ||
| 930 | _e12354 | ||
| 942 |
_2ddc _cLIB |
||
| 945 |
_aMIA _d2026-06-22 |
||
| 980 |
_61 _aMaricel Allasia _81 _gMaricel Allasia |
||
| 999 |
_c12491 _d12491 |
||